15 Largest Cities in Panama🇵🇦 - Statistics

General Stats
  • This quiz has been taken 15 times
  • The average score is 5 of 15
Answer Stats
Population City % Correct
408k Panama City
100%
76k Colon
67%
81k David
56%
76k Arraijan
44%
61k La Chorrera
44%
321k San Miguelito
44%
50k Tocumen
44%
69k Las Cumbres
33%
45k Santiago de Veraguas
22%
33k Chilibre
11%
29k Catva
0%
100k Juan Diaz
0%
36k Parque Lefevre
0%
51k Pedregal
0%
26k Rio Abajo
0%
No matching quizzes found
Score Distribution
Percent of People with Each Score
Percentile by Number Answered
Your Score History
You have not taken this quiz